| 000 | 01655nam a2200349 a 4500 | ||
|---|---|---|---|
| 001 | ebr10419519 | ||
| 003 | CaPaEBR | ||
| 006 | m u | ||
| 007 | cr cn||||||||| | ||
| 008 | 070509s2007 dcu sb 001 0 eng | ||
| 010 | _z 2007019512 | ||
| 020 | _z9781596985230 | ||
| 020 | _z1596985232 | ||
| 040 |
_aCaPaEBR _cCaPaEBR |
||
| 035 | _a(OCoLC)680628247 | ||
| 043 | _an-us--- | ||
| 050 | 1 | 4 |
_aHV6432 _b.B32 2007eb |
| 082 | 0 | 4 |
_a327.73 _222 |
| 100 | 1 | _aBabbin, Jed L. | |
| 245 | 1 | 0 |
_aIn the words of our enemies _h[electronic resource] / _cJed Babbin. |
| 260 |
_aWashington, DC : _bRegnery Pub., _cc2007. |
||
| 300 | _axiii, 274 p. | ||
| 504 | _aIncludes bibliographical references (p. [249]-259) and index. | ||
| 505 | 0 | _aBefore September 11 -- The hate factories -- The hate networks -- The hate networks aim at Iraq -- Iran : the central terrorist nation, long before September 11 -- The Taliban, Pakistan, and Southwest Asia -- Radical Islam aims at Turkey -- China : the emerging enemy -- Putin's Russia -- Kim Jong-il's North Korea -- Fidel Castro's Cuba -- Hugo Chavez : Castro on steroids. | |
| 533 |
_aElectronic reproduction. _bPalo Alto, Calif. : _cebrary, _d2013. _nAvailable via World Wide Web. _nAccess may be limited to ebrary affiliated libraries. |
||
| 650 | 0 | _aWar on Terrorism, 2001-2009. | |
| 650 | 0 |
_aTerrorism _xGovernment policy _zUnited States. |
|
| 651 | 0 |
_aUnited States _xForeign relations _y2001-2009. |
|
| 655 | 7 |
_aElectronic books. _2local |
|
| 710 | 2 | _aebrary, Inc. | |
| 856 | 4 | 0 |
_uhttp://site.ebrary.com/lib/rucke/Doc?id=10419519 _zAn electronic book accessible through the World Wide Web; click to view |
| 999 |
_c83112 _d83112 |
||